Critically Endangered Animals - Statistics

General Stats
  • This quiz has been taken 130 times
    105 since last reset
  • The average score is 8 of 15
Answer Stats
Picture Hint Answer % Correct
Lives in western Africa. Western Gorilla
91%
Lives in the forest, not the bush. African Forest Elephant
88%
Lives on Indonesia's second-largest island. Sumatran Orangutan
84%
Third largest rhino species. Black Rhinoceros
79%
Largest of its kind. Great Hammerhead
78%
Named for colors and scruffy hair Black-and-white Ruffed Lemur
72%
Has an Andean cousin. California Condor
66%
Found in New Zealand. Kakapo
51%
Name starts an A. Addax
46%
Ancestor of the domestic donkey. African Wild Ass
37%
It has an American relative. Chinese Alligator
35%
Named for hair, found only in Colombia. Cotton-top Tamarin
32%
Largest species of lemur. Indri
32%
Is found on the Philippines Philippine Eagle
26%
Named after a yellow flower. Sunflower Star
25%
No matching quizzes found
Score Distribution
Percent of People with Each Score
Percentile by Number Answered
Your Score History
You have not taken this quiz since the last reset